Basic civil engineering
The book covers the civil engineering on 11 chapters: Civil engineering and materials, Foundation, Superstructure, Simple stresses and strains, Geometric properties of sections, Dams, Bridges, Surveying, Roads, Environmental engineering, Railways, Airports, Docks and harbours, Tall structures
שמור ב:
| מחבר ראשי: | |
|---|---|
| פורמט: | ספר |
| שפה: | Undetermined |
| יצא לאור: |
New Delhi
Tata McGraw-Hill
2000
|
| נושאים: | |
| תגים: |
הוספת תג
אין תגיות, היה/י הראשונ/ה לתייג את הרשומה!
|
| Thư viện lưu trữ: | Trung tâm Học liệu Trường Đại học Cần Thơ |
|---|
| LEADER | 00757nam a2200181Ia 4500 | ||
|---|---|---|---|
| 001 | CTU_49565 | ||
| 008 | 210402s9999 xx 000 0 und d | ||
| 082 | |a 624 | ||
| 082 | |b P154 | ||
| 100 | |a M. S. PALANICHAMY | ||
| 245 | 0 | |a Basic civil engineering | |
| 245 | 0 | |c M. S. PALANICHAMY | |
| 260 | |a New Delhi | ||
| 260 | |b Tata McGraw-Hill | ||
| 260 | |c 2000 | ||
| 520 | |a The book covers the civil engineering on 11 chapters: Civil engineering and materials, Foundation, Superstructure, Simple stresses and strains, Geometric properties of sections, Dams, Bridges, Surveying, Roads, Environmental engineering, Railways, Airports, Docks and harbours, Tall structures | ||
| 650 | |a civil engineering | ||
| 980 | |a Trung tâm Học liệu Trường Đại học Cần Thơ | ||